Sudden Life - Sudden Death - Statistics

General Stats
  • This quiz has been taken 154 times
  • The average score is 3 of 10
Answers on the Grid
Answers color-coded by a green-red scale on the quiz's grid according to % correct below.
Fred Weasley
Malcolm Crowe
Superman
Darth Vader
Robert Angier
Han Lue
Phil Coulson
Gandalf
Thanos
Albus Dumbledore
Loki
Jack Torrance
Jay Gatsby
Meredith Grey
Harry Potter
C-3PO
Jim Gordon
Pennywise
Calvin Cambridge
Dora the Explorer
 
Answer Stats
Answer % Correct
Superman
59%
Darth Vader
54%
Gandalf
50%
Harry Potter
46%
Loki
36%
Pennywise
20%
Meredith Grey
19%
Phil Coulson
9%
Jim Gordon
8%
Han Lue
3%
No matching quizzes found
Score Distribution
Percent of People with Each Score
Percentile by Number Answered
Your Score History
You have not taken this quiz